[Event "Tournament 14473 - Europe Echecs"]
[Site "Europe Echecs"]
[Date "2020.07.11"]
[Round "2"]
[Time "14:29:18"]
[PlyCount "91"]
[White "ShvedJakov"]
[Black "BruneauLilian"]
[WhiteElo "1667"]
[BlackElo "1386"]
[Mode "WEB"]
[Result "0-1"]

1. e4 d5 2. exd5 Qxd5 3. Nc3 Qa5 4. d4 c6 5. Nf3 Nf6 6. Bd2 Qc7 7. Bc4 Bf5 8.
O-O e6 9. Re1 Be7 10. Bg5 Nbd7 11. d5 cxd5 12. Bxd5 O-O 13. h3 h6 14. g4 hxg5
15. gxf5 Nxd5 16. Nxd5 exd5 17. Rxe7 Rfe8 18. Qe2 Nf6 19. Rxc7 Rxe2 20. Nxg5 Rb8
21. Nxf7 Ne4 22. Rf1 Rf8 23. Ng5 Nxg5 24. Rxb7 Ne4 25. Rxa7 Rxf5 26. a4 Rfxf2
27. Rxf2 Rxf2 28. Re7 Rxc2 29. a5 Rxb2 30. a6 Rb8 31. Rb7 Ra8 32. a7 Nd6 33. Kg2
Nxb7 34. Kf3 Rxa7 35. Kf4 Ra6 36. Ke5 Ra5 37. Kd4 Nd8 38. Kd3 Nf7 39. Kd4 Nh6
40. Kd3 Nf5 41. Ke2 Kf7 42. Kd3 Ke6 43. Ke2 Ke5 44. Kd3 Nh4 45. Ke2 Ke4 {ShvedJakov a abandonné} 0-1

[Event "Tournament 14473 - Europe Echecs"]
[Site "Europe Echecs"]
[Date "2020.07.11"]
[Round "2"]
[Time "14:29:18"]
[PlyCount "59"]
[White "LeforestierEnz"]
[Black "DecurningeBric"]
[WhiteElo "1350"]
[BlackElo "1582"]
[Mode "WEB"]
[Result "0-1"]

1. b3 d5 2. Bb2 c5 3. e3 a6 4. f4 Nc6 5. Nf3 e6 6. Be2 Nf6 7. d3 Ng4 8. Qd2 d4
9. exd4 cxd4 10. O-O Ne3 11. Na3 Nxf1 12. Rxf1 b5 13. Ng5 Be7 14. Ne4 O-O 15. c3
Bb7 16. cxd4 Nxd4 17. Qe3 Nxe2+ 18. Qxe2 Bxe4 19. dxe4 Rc8 20. Qg4 g6 21. f5 b4
22. Nc4 exf5 23. exf5 Bf6 24. fxg6 Bxb2 25. gxf7+ Kh8 26. Nxb2 Qb6+ 27. Kh1 Qg6
28. Qxb4 Rxf7 29. Rxf7 Rc1+ {LeforestierEnz a abandonné} 0-1

[Event "Tournament 14473 - Europe Echecs"]
[Site "Europe Echecs"]
[Date "2020.07.11"]
[Round "2"]
[Time "14:29:18"]
[PlyCount "68"]
[White "RobineGuillaum"]
[Black "LemiereCharlot"]
[WhiteElo "1571"]
[BlackElo "1351"]
[Mode "WEB"]
[Result "1-0"]

1. e4 e6 2. d3 d5 3. Nd2 c5 4. Ngf3 Nc6 5. g3 Bd7 6. Bg2 Nge7 7. O-O g6 8. Nh4
Bg7 9. f4 Qb6 10. c3 c4+ 11. d4 O-O 12. f5 Nc8 13. f6 Bh8 14. e5 a5 15. Qc2 Nxe5
16. Kh1 Ng4 17. Nxc4 dxc4 18. Bg5 Nd6 19. h3 Bc6 20. hxg4 Bxg2+ 21. Qxg2 Rfd8
22. Rae1 Nb5 23. Nf3 Rd5 24. Ne5 Rad8 25. Bc1 Nc7 26. g5 Ne8 27. Qh3 Nd6 28. Kg2
a4 29. Rh1 h5 30. g4 a3 31. gxh5 axb2 32. hxg6 Bxf6 33. gxf6 Rxe5 34. Qh8# {LemiereCharlot est échec et mat} 1-0

[Event "Tournament 14473 - Europe Echecs"]
[Site "Europe Echecs"]
[Date "2020.07.11"]
[Round "2"]
[Time "14:29:18"]
[PlyCount "57"]
[White "GavilaQuentin"]
[Black "ParalieuMaxime"]
[WhiteElo "1199"]
[BlackElo "1569"]
[Mode "WEB"]
[Result "0-1"]

1. e4 e5 2. Nf3 Nc6 3. d4 exd4 4. Nxd4 Bc5 5. Be3 Qf6 6. c3 Nge7 7. g3 b6 8. Bg2
Bb7 9. O-O O-O-O 10. Na3 d5 11. Nac2 h5 12. b4 Bxd4 13. Nxd4 Nxd4 14. Bxd4 Qg6
15. e5 h4 16. a4 Qh6 17. Qg4+ Kb8 18. e6 hxg3 19. fxg3 Qxh2+ 20. Kf2 fxe6 21.
Rh1 Rhf8+ 22. Ke3 Qxg2 23. Bxg7 Qf2+ 24. Kd3 Rf3+ 25. Qxf3 Qxf3+ 26. Kd2 Qg2+
27. Kd3 Qxg3+ 28. Kd4 Qxg7+ {GavilaQuentin a abandonné} 0-1

[Event "Tournament 14473 - Europe Echecs"]
[Site "Europe Echecs"]
[Date "2020.07.11"]
[Round "2"]
[Time "14:29:18"]
[PlyCount "40"]
[White "BenamarRayan"]
[Black "AlsruheFelix"]
[WhiteElo "1558"]
[BlackElo "1213"]
[Mode "WEB"]
[Result "1-0"]

1. d4 f5 2. e3 Nf6 3. f4 e6 4. Nf3 Be7 5. Bd3 O-O 6. O-O Nc6 7. c3 b6 8. Nbd2
Bb7 9. Ne5 d6 10. Nef3 Nd5 11. Nb3 Bf6 12. Qe1 Nde7 13. Bc4 d5 14. Bd3 Ng6 15.
Ne5 Ngxe5 16. fxe5 Be7 17. Qg3 Bh4 18. Qh3 Bg5 19. g4 fxg4 20. Qxh7# {AlsruheFelix est échec et mat} 1-0

[Event "Tournament 14473 - Europe Echecs"]
[Site "Europe Echecs"]
[Date "2020.07.11"]
[Round "2"]
[Time "14:29:18"]
[PlyCount "129"]
[White "YaylaElif"]
[Black "FondratJohan"]
[WhiteElo "1199"]
[BlackElo "1509"]
[Mode "WEB"]
[Result "0-1"]

1. d4 d5 2. Bf4 Bf5 3. e3 g6 4. Bd3 Bxd3 5. Qxd3 Bg7 6. Nf3 Nd7 7. c4 c6 8. Nc3
Ngf6 9. Ne5 Nh5 10. Nxd7 Nxf4 11. exf4 Qxd7 12. O-O dxc4 13. Qxc4 Qxd4 14. Qxd4
Bxd4 15. Rac1 O-O 16. Rfd1 Bg7 17. b3 Rfd8 18. Ne4 e6 19. Nc5 b6 20. Na4 Rxd1+
21. Rxd1 c5 22. g3 Bd4 23. Rd2 Kg7 24. Kg2 Kf6 25. g4 g5 26. fxg5+ Kxg5 27. h3
Rg8 28. Nb2 Kh4 29. Nd3 h5 30. f3 hxg4 31. hxg4 f5 32. Rd1 fxg4 33. Rh1+ Kg5 34.
f4+ Kf5 35. Kg3 Rg7 36. Ne1 Be3 37. Rh5+ Ke4 38. Re5+ Kd4 39. Nc2+ Kd3 40. Nxe3
Rh7 41. Kxg4 Rg7+ 42. Kf3 Rh7 43. Rxe6 Rh3+ 44. Kf2 Rh4 45. f5 Rf4+ 46. Kg3 Rd4
47. f6 Rd8 48. f7 Rf8 49. Re7 b5 50. Ng4 c4 51. bxc4 bxc4 52. Nh6 Rh8 53. f8=Q
Rxf8 54. Rd7+ Kc2 55. Rxa7 c3 56. Rc7 Kb2 57. a4 c2 58. Rb7+ Ka3 59. Rc7 Kb2 60.
Rb7+ Kc1 61. a5 Rd8 62. a6 Kd1 63. a7 c1=Q 64. Rb8 Qc7+ {YaylaElif a perdu au temps} 0-1

[Event "Tournament 14473 - Europe Echecs"]
[Site "Europe Echecs"]
[Date "2020.07.11"]
[Round "2"]
[Time "14:29:18"]
[PlyCount "46"]
[White "KrzymanskiLeo"]
[Black "TaffouraudWill"]
[WhiteElo "1506"]
[BlackElo "1199"]
[Mode "WEB"]
[Result "1-0"]

1. c4 e5 2. Nc3 Nf6 3. g3 Nc6 4. Bg2 g6 5. e3 Bc5 6. Nge2 b6 7. d4 Bd6 8. O-O
O-O 9. b3 exd4 10. Nxd4 Bb7 11. Nxc6 dxc6 12. Bb2 c5 13. Bxb7 Rb8 14. Bg2 Qc8
15. Nd5 Qg4 16. Nxf6+ Kg7 17. Nxg4+ Kg8 18. Nf6+ Kg7 19. Nd7+ Kg8 20. Nxb8 Rxb8
21. Qc2 Re8 22. Qc3 b5 23. Qg7# {TaffouraudWill est échec et mat} 1-0

[Event "Tournament 14473 - Europe Echecs"]
[Site "Europe Echecs"]
[Date "2020.07.11"]
[Round "2"]
[Time "14:29:18"]
[PlyCount "81"]
[White "HalilovicDario"]
[Black "MartignoniMarg"]
[WhiteElo "1170"]
[BlackElo "1500"]
[Mode "WEB"]
[Result "0-1"]

1. e4 e5 2. Nf3 Nc6 3. Bb5 a6 4. Ba4 b5 5. Bb3 Bc5 6. c3 d6 7. d4 exd4 8. cxd4
Bb4+ 9. Bd2 Bxd2+ 10. Qxd2 Nf6 11. Nc3 O-O 12. O-O Bg4 13. Nh4 Nxe4 14. Nxe4
Qxh4 15. Bd5 Bd7 16. Qc3 Rae8 17. Rfe1 Ne7 18. Qxc7 Nxd5 19. Qxd7 Rxe4 20. Rxe4
Qxe4 21. Qxd6 Re8 22. g3 Qxd4 23. Rf1 h6 24. Qd7 Qe4 25. Qc6 Qe5 26. Qc5 Qe6 27.
Rd1 Nf6 28. b3 Qe2 29. Ra1 Ne4 30. Qa7 Qb2 31. Re1 Qxa2 32. f3 Nf6 33. Rxe8+
Nxe8 34. Qb8 Qb1+ 35. Kg2 Qc2+ 36. Kh3 Qe2 37. Qa8 Kh7 38. Qxa6 Qxf3 39. Qxb5
Nf6 40. Qb7 Qxb7 {HalilovicDario a abandonné} 0-1

[Event "Tournament 14473 - Europe Echecs"]
[Site "Europe Echecs"]
[Date "2020.07.11"]
[Round "2"]
[Time "14:29:18"]
[PlyCount "54"]
[White "ChelliliYounes"]
[Black "GroussetNathan"]
[WhiteElo "1101"]
[BlackElo "1476"]
[Mode "WEB"]
[Result "0-1"]

1. e4 c5 2. Nf3 g6 3. e5 Bg7 4. d4 cxd4 5. Qxd4 Nc6 6. Qd1 Nxe5 7. Nbd2 Nxf3+ 8.
Nxf3 Nf6 9. Bc4 O-O 10. Bg5 d6 11. Qd3 Bg4 12. h3 Bxf3 13. Qxf3 Qa5+ 14. c3 Qxg5
15. h4 Qe5+ 16. Be2 Qe4 17. Qxe4 Nxe4 18. O-O-O Nxf2 19. Rdf1 Nxh1 20. Rxh1 e6
21. Bd3 d5 22. Bc2 Rac8 23. Bb3 d4 24. Kc2 dxc3 25. bxc3 Rxc3+ 26. Kb2 Rh3+ 27.
Kc2 {ChelliliYounes a abandonné} 0-1

[Event "Tournament 14473 - Europe Echecs"]
[Site "Europe Echecs"]
[Date "2020.07.11"]
[Round "2"]
[Time "14:29:18"]
[PlyCount "97"]
[White "LemaireVivien"]
[Black "RebenaFlorian"]
[WhiteElo "1471"]
[BlackElo "1081"]
[Mode "WEB"]
[Result "0-1"]

1. c4 e5 2. Nc3 Nf6 3. d3 Nc6 4. g3 Bc5 5. Bg2 O-O 6. Bg5 h6 7. Bxf6 Qxf6 8. Ne4
Qe7 9. Nxc5 Qxc5 10. Nf3 Qe7 11. O-O d6 12. Rb1 Bg4 13. b4 Qe6 14. b5 Ne7 15.
Nd2 Bh3 16. Bxb7 Bxf1 17. Bxa8 Bxe2 18. Qxe2 Rxa8 19. Qf3 Rb8 20. a4 Nf5 21. Qc6
Qc8 22. Ne4 Nd4 23. Nxd6 cxd6 24. Qxd6 Ne2+ 25. Kg2 Qb7+ 26. Qd5 Qxd5+ 27. cxd5
Nc3 28. Re1 f6 29. Rc1 Nxa4 30. d6 Rd8 31. Ra1 Nc5 32. Rxa7 Rxd6 33. Ra8+ Kh7
34. Rc8 Nxd3 35. Rc6 Rd8 36. b6 Rb8 37. Kf3 Nb4 38. Rd6 Kg6 39. Ke4 Kg5 40. f3
h5 41. h4+ Kh6 42. Kf5 Nc2 43. g4 Ne1 44. g5+ Kh7 45. gxf6 Nxf3 46. f7 Nxh4+ 47.
Kg5 Nf3+ 48. Kxh5 e4 {LemaireVivien a perdu au temps} 0-1

[Event "Tournament 14473 - Europe Echecs"]
[Site "Europe Echecs"]
[Date "2020.07.11"]
[Round "2"]
[Time "14:29:18"]
[PlyCount "33"]
[White "LiJacques"]
[Black "WittenbergSere"]
[WhiteElo "1076"]
[BlackElo "1447"]
[Mode "WEB"]
[Result "0-1"]

1. e4 e6 2. d4 d5 3. Nc3 Nf6 4. Bg5 Bb4 5. e5 h6 6. exf6 hxg5 7. fxg7 Rg8 8. Nf3
Nd7 9. Bd3 b6 10. a3 Bd6 11. O-O Rxg7 12. Re1 g4 13. Nd2 Bb7 14. Qe2 Qh4 15. Bf5
Qxh2+ 16. Kf1 Qh1# {LiJacques est échec et mat} 0-1

[Event "Tournament 14473 - Europe Echecs"]
[Site "Europe Echecs"]
[Date "2020.07.11"]
[Round "2"]
[Time "14:29:18"]
[PlyCount "56"]
[White "BruguierFloria"]
[Black "GerardKelian"]
[WhiteElo "1422"]
[BlackElo "1056"]
[Mode "WEB"]
[Result "1-0"]

1. e4 e6 2. d4 d5 3. e5 c5 4. c3 Nc6 5. Nf3 Qb6 6. Bd3 cxd4 7. cxd4 Nxd4 8. Nxd4
Qxd4 9. Bb5+ Bd7 10. Bxd7+ Kxd7 11. Qxd4 f6 12. Nc3 fxe5 13. Qxe5 Bd6 14. Qg5 g6
15. Bf4 Be7 16. Qe5 Bf6 17. Qc7+ Ke8 18. Qxb7 Rd8 19. Qc6+ Rd7 20. O-O Ne7 21.
Qxe6 Rf8 22. Rad1 Bxc3 23. bxc3 Rxf4 24. Rfe1 Re4 25. Rxe4 dxe4 26. Rxd7 Kf8 27.
Qxe7+ Kg8 28. Qg7# {GerardKelian est échec et mat} 1-0

[Event "Tournament 14473 - Europe Echecs"]
[Site "Europe Echecs"]
[Date "2020.07.11"]
[Round "3"]
[Time "14:57:21"]
[PlyCount "131"]
[White "TravadonLoic"]
[Black "RobertMathias"]
[WhiteElo "2431"]
[BlackElo "2140"]
[Mode "WEB"]
[Result "1/2-1/2"]

1. Nf3 Nf6 2. b3 d6 3. d4 g6 4. g3 Bg7 5. Bg2 O-O 6. Bb2 c6 7. O-O Bg4 8. h3
Bxf3 9. exf3 Nbd7 10. f4 Qc7 11. Nd2 Rfe8 12. Nc4 Rad8 13. a4 Nd5 14. Re1 N5b6
15. Ne3 c5 16. dxc5 Bxb2 17. cxb6 Nxb6 18. a5 Nc8 19. Nd5 Qd7 20. Ra2 Bg7 21. a6
b5 22. f5 gxf5 23. Qh5 e6 24. Nf4 Ne7 25. h4 Ng6 26. Nd3 Rc8 27. Qe2 Rc7 28. h5
Ne5 29. Nf4 Rec8 30. Rd1 h6 31. Kh1 d5 32. Kg1 Rc3 33. Rd2 Bf6 34. Rd1 Kg7 35.
Rd2 Ng4 36. Rd1 Qc6 37. Rd2 Qc5 38. Nd3 Qb6 39. Bf3 Kh7 40. Bxg4 fxg4 41. Qxg4
Rg8 42. Qf3 Bd4 43. Kg2 f5 44. Qe2 Rc7 45. Nf4 Re8 46. Kh1 Qc6 47. Kg2 Bf6 48.
f3 Bg5 49. Rd4 Rd7 50. Nd3 Bf6 51. Rf4 Qd6 52. Rxf5 exf5 53. Qxe8 Re7 54. Qg6+
Kh8 55. Qxh6+ Kg8 56. Ra5 Re2+ 57. Kh3 Qe6 58. Qg6+ Kf8 59. Rxb5 f4+ 60. Qg4
Rh2+ 61. Kxh2 Qe2+ 62. Kh1 Qf1+ 63. Kh2 Qe2+ 64. Kh1 Qf1+ 65. Kh2 Qe2+ {Nulle par répétition} 1/2-1/2

[Event "Tournament 14473 - Europe Echecs"]
[Site "Europe Echecs"]
[Date "2020.07.11"]
[Round "3"]
[Time "14:57:21"]
[PlyCount "53"]
[White "FereyAntonin"]
[Black "Razafindratsim"]
[WhiteElo "2138"]
[BlackElo "2336"]
[Mode "WEB"]
[Result "0-1"]

1. d4 d5 2. c4 dxc4 3. Nf3 Nf6 4. e3 e6 5. Bxc4 a6 6. O-O b5 7. Bb3 Bb7 8. Qe2
Nbd7 9. Rd1 c5 10. Nc3 Be7 11. d5 exd5 12. Nxd5 c4 13. Nxe7 Qxe7 14. Bc2 Rg8 15.
Nd4 g6 16. a4 Qc5 17. b3 Nd5 18. Bb2 c3 19. Bc1 b4 20. e4 Ne7 21. Be3 Qc7 22. f4
O-O-O 23. Kh1 Nc5 24. Qc4 Nxe4 25. Qxb4 Nd5 26. Qa3 Nxe3 {FereyAntonin a abandonné} 0-1

[Event "Tournament 14473 - Europe Echecs"]
[Site "Europe Echecs"]
[Date "2020.07.11"]
[Round "3"]
[Time "14:57:21"]
[PlyCount "82"]
[White "HingouetMatthi"]
[Black "RachidAlexandr"]
[WhiteElo "2228"]
[BlackElo "2079"]
[Mode "WEB"]
[Result "1-0"]

1. d4 Nf6 2. c4 e6 3. Nc3 Bb4 4. e3 O-O 5. Nge2 Re8 6. a3 Bf8 7. Ng3 a5 8. Bd3
d6 9. O-O Na6 10. b4 axb4 11. axb4 Bd7 12. Qb3 c5 13. dxc5 dxc5 14. b5 Nb4 15.
Rxa8 Qxa8 16. Be2 e5 17. Bb2 b6 18. Bf3 e4 19. Be2 Bd6 20. Na4 Qb7 21. Rd1 Bc7
22. Bxf6 Bxg3 23. hxg3 gxf6 24. Nxb6 Bxb5 25. cxb5 Qxb6 26. Rd7 Qe6 27. Qxe6
fxe6 28. Bh5 Rb8 29. Bf7+ Kf8 30. Bxe6 Rxb5 31. Rf7+ Ke8 32. Rxh7 Rb6 33. Bf5 c4
34. Rc7 Rc6 35. Bd7+ Kd8 36. Rxc6 Nxc6 37. Bxc6 f5 38. Kf1 Kc7 39. Ba4 Kd6 40.
Ke2 Kc5 41. Kd2 {RachidAlexandr a abandonné} 1-0

[Event "Tournament 14473 - Europe Echecs"]
[Site "Europe Echecs"]
[Date "2020.07.11"]
[Round "3"]
[Time "14:57:21"]
[PlyCount "159"]
[White "DavidBogdanEma"]
[Black "MathieuPhileas"]
[WhiteElo "2092"]
[BlackElo "2214"]
[Mode "WEB"]
[Result "0-1"]

1. e4 c5 2. Nc3 Nc6 3. Bb5 Nd4 4. Nf3 g6 5. O-O Nxf3+ 6. Qxf3 Bg7 7. d3 a6 8.
Bc4 e6 9. Bf4 d6 10. Qg3 e5 11. Be3 Ne7 12. f4 O-O 13. fxe5 Bxe5 14. Bf4 Nc6 15.
Bxe5 Nxe5 16. Nd5 Be6 17. Nf6+ Kg7 18. Qh4 h6 19. Bd5 Bxd5 20. exd5 Nd7 21. Nh5+
Kh7 22. Qxd8 Raxd8 23. Ng3 Kg7 24. Rae1 Ne5 25. Re3 Rd7 26. Ne4 Ng4 27. Re2 f5
28. Nd2 Nf6 29. c4 Rff7 30. Rfe1 Ng8 31. Nb3 b6 32. d4 Rfe7 33. dxc5 dxc5 34.
Re6 Kf7 35. Kf2 Rc7 36. d6 Rxe6 37. dxc7 Rc6 38. Rd1 Rxc7 39. Rd6 Rb7 40. Nc1
Nf6 41. Rc6 Ng4+ 42. Kg3 Ne5 43. Rc8 Nxc4 44. b3 Nd6 45. Rh8 Kg7 46. Rd8 Ne4+
47. Kf3 Kf7 48. Nd3 Re7 49. a4 Re6 50. Nb2 Rd6 51. Rb8 Kf6 52. Nc4 Rd3+ 53. Ke2
Rxb3 54. Nxb6 Kg5 55. a5 Rb5 56. Rg8 Rxa5 57. Nc4 Ra2+ 58. Ke3 Rxg2 59. Ne5 Kf6
60. Nd7+ Kf7 61. Ra8 Rxh2 62. Ra7 Rh3+ 63. Ke2 Ke6 64. Nf8+ Kf6 65. Rxa6+ Ke5
66. Nxg6+ Kd4 67. Nf4 Rh2+ 68. Ke1 Ke3 69. Nd5+ Kd4 70. Nf4 c4 71. Ra4 Rh1+ 72.
Ke2 Rh2+ 73. Ke1 Rh4 74. Ne2+ Ke3 75. Ra3+ c3 76. Kf1 Kd2 77. Nd4 c2 78. Nxc2
Kxc2 79. Ra2+ Kd3 {DavidBogdanEma a abandonné} 0-1

[Event "Tournament 14473 - Europe Echecs"]
[Site "Europe Echecs"]
[Date "2020.07.11"]
[Round "3"]
[Time "14:57:21"]
[PlyCount "129"]
[White "WeismanNathan"]
[Black "EllisAntoine"]
[WhiteElo "2186"]
[BlackElo "2066"]
[Mode "WEB"]
[Result "1/2-1/2"]

1. e4 e5 2. Nf3 Nc6 3. d4 exd4 4. Nxd4 Bb4+ 5. c3 Bc5 6. Be3 Bb6 7. Nf5 Bxe3 8.
Nxe3 d6 9. Nd2 Nge7 10. Bc4 O-O 11. O-O Kh8 12. f4 f5 13. Qh5 Qe8 14. Qh4 Ng6
15. Qg3 fxe4 16. Nd5 Qd8 17. Nxe4 Bf5 18. Rae1 Na5 19. Bd3 c6 20. Ne3 d5 21.
Nxf5 dxe4 22. Bxe4 Nc4 23. Nxg7 Kxg7 24. f5 Qh4 25. fxg6 Rxf1+ 26. Rxf1 Qxe4 27.
gxh7+ Kh8 28. Re1 Qf5 29. b3 Nb6 30. c4 Rf8 31. h3 Nd7 32. Re7 Qc5+ 33. Qe3
Qxe3+ 34. Rxe3 Rf7 35. g4 Kxh7 36. Kg2 a5 37. Kg3 Nc5 38. h4 Rd7 39. Kf4 Nd3+
40. Kf5 Nb4 41. g5 Rf7+ 42. Ke6 Rf4 43. h5 Nxa2 44. Kd6 Rd4+ 45. Kc5 Rd7 46. Kb6
a4 47. bxa4 Nb4 48. a5 Na6 49. Re6 Nb4 50. Kc5 Nd3+ 51. Kb6 Nf4 52. Rh6+ Kg7 53.
a6 bxa6 54. Kxc6 Rd4 55. c5 a5 56. Kb5 a4 57. Ra6 Nxh5 58. Rxa4 Rxa4 59. Kxa4
Nf4 60. Kb5 Ne6 61. c6 Kg6 62. Kb6 Kxg5 63. Kb7 Kf6 64. c7 Nxc7 {Aucun joueur n'a le mat&eacute;riel pour mater} 1/2-1/2

[Event "Tournament 14473 - Europe Echecs"]
[Site "Europe Echecs"]
[Date "2020.07.11"]
[Round "3"]
[Time "14:57:21"]
[PlyCount "118"]
[White "RobertYoann"]
[Black "FardetElouan"]
[WhiteElo "2071"]
[BlackElo "2163"]
[Mode "WEB"]
[Result "1/2-1/2"]

1. b3 Nf6 2. Bb2 g6 3. Bxf6 exf6 4. c4 f5 5. Nc3 Bg7 6. Rc1 O-O 7. g3 d6 8. Bg2
Nc6 9. e3 Nb4 10. d4 c5 11. Nge2 Nc6 12. dxc5 dxc5 13. O-O Be6 14. Qc2 Qe7 15.
a3 Rfd8 16. Rfd1 Rxd1+ 17. Rxd1 Rd8 18. Rxd8+ Qxd8 19. Nd5 b6 20. Nec3 Ne7 21.
Nxe7+ Qxe7 22. Nd5 Bxd5 23. Bxd5 Qe5 24. Kg2 Qb2 25. Qd3 Bc3 26. Qd1 Kg7 27. a4
Bf6 28. Bc6 Bc3 29. Be8 a5 30. h4 Bb4 31. h5 Qd2 32. Qf3 Qd6 33. Qb7 Qe6 34. Bc6
g5 35. Qxb6 f4 36. exf4 gxf4 37. Qc7 Qf6 38. Bd5 fxg3 39. Qxg3+ Kh6 40. Qe3+
Qg5+ 41. Qxg5+ Kxg5 42. Bxf7 Kf4 43. f3 h6 44. Be6 Bc3 45. Bg4 Bb4 46. Kf2 Bc3
47. Ke2 Bb4 48. Kd3 Ba3 49. Ke2 Bb4 50. Bd7 Ba3 51. Bc6 Bb4 52. Kd3 Ba3 53. Kc3
Bb4+ 54. Kc2 Ba3 55. Kc3 Bb4+ 56. Kb2 Be1 57. Kc2 Bb4 58. Kd3 Ba3 59. Kc3 {Nulle par répétition} 1/2-1/2

[Event "Tournament 14473 - Europe Echecs"]
[Site "Europe Echecs"]
[Date "2020.07.11"]
[Round "3"]
[Time "14:57:21"]
[PlyCount "60"]
[White "KuhnClement"]
[Black "RebutPaul"]
[WhiteElo "2150"]
[BlackElo "1966"]
[Mode "WEB"]
[Result "1-0"]

1. e4 d5 2. exd5 Qxd5 3. Nc3 Qa5 4. d4 Nf6 5. Nf3 Bf5 6. Bc4 e6 7. Bd2 Bb4 8.
O-O O-O 9. a3 Bxc3 10. Bxc3 Qb6 11. Bd3 Bg6 12. Bxg6 hxg6 13. b3 Nc6 14. Qe2
Rad8 15. Rfd1 Rd7 16. b4 Rfd8 17. Rab1 Nd5 18. Bb2 Nde7 19. c4 Nf5 20. c5 Qa6
21. b5 Ncxd4 22. Nxd4 Nxd4 23. Rxd4 Qa5 24. Rxd7 Rxd7 25. Qe5 f6 26. Qxe6+ Rf7
27. Rd1 c6 28. Rd7 Kh7 29. Rxf7 Qd2 30. Bc3 {RebutPaul a abandonné} 1-0

[Event "Tournament 14473 - Europe Echecs"]
[Site "Europe Echecs"]
[Date "2020.07.11"]
[Round "3"]
[Time "14:57:21"]
[PlyCount "49"]
[White "FrancoisGwlady"]
[Black "DroinAugustin"]
[WhiteElo "1816"]
[BlackElo "2313"]
[Mode "WEB"]
[Result "0-1"]

1. d4 d5 2. Bf4 Nf6 3. Nf3 e6 4. e3 Bd6 5. Bg3 c5 6. c3 O-O 7. Bd3 Nc6 8. Ne5
Qc7 9. f4 Ne7 10. O-O Nf5 11. Bf2 Be7 12. g4 Nd6 13. Bh4 Nfe4 14. Bxe7 Qxe7 15.
Bxe4 dxe4 16. Qe2 b6 17. g5 f6 18. gxf6 gxf6 19. Ng4 Kh8 20. Kh1 a5 21. Rg1 Rg8
22. Qf2 Nf5 23. Qg2 Nxe3 24. Qxe4 Bb7 {FrancoisGwlady a abandonné} 0-1

[Event "Tournament 14473 - Europe Echecs"]
[Site "Europe Echecs"]
[Date "2020.07.11"]
[Round "3"]
[Time "14:57:21"]
[PlyCount "45"]
[White "BoscGabriel"]
[Black "DalaudDorian"]
[WhiteElo "1994"]
[BlackElo "2242"]
[Mode "WEB"]
[Result "0-1"]

1. f4 g6 2. e4 d5 3. e5 c5 4. c3 Nc6 5. Nf3 Bg4 6. Bb5 Qb6 7. Bxc6+ Qxc6 8. h3
Bxf3 9. Qxf3 e6 10. O-O Ne7 11. d3 Bg7 12. Be3 O-O 13. Bf2 b5 14. Nd2 a5 15. c4
bxc4 16. dxc4 Qb6 17. Qb3 Rfb8 18. Qxb6 Rxb6 19. b3 d4 20. Ne4 Rc6 21. g4 h6 22.
h4 Rf8 {BoscGabriel a perdu au temps} 0-1

[Event "Tournament 14473 - Europe Echecs"]
[Site "Europe Echecs"]
[Date "2020.07.11"]
[Round "3"]
[Time "14:57:21"]
[PlyCount "59"]
[White "CavaillesEvan"]
[Black "JolyJulien"]
[WhiteElo "2018"]
[BlackElo "2188"]
[Mode "WEB"]
[Result "0-1"]

1. e4 c5 2. Nf3 e6 3. d4 cxd4 4. Nxd4 Nf6 5. Nc3 Nc6 6. Ndb5 Bc5 7. Be2 a6 8.
Nd6+ Ke7 9. Nxc8+ Rxc8 10. O-O Qc7 11. Bf3 h5 12. Bg5 Kf8 13. Bh4 Bd6 14. Kh1
Bf4 15. Bxf6 gxf6 16. g3 Be5 17. h4 Ke7 18. Bg2 Rcg8 19. f4 Bxc3 20. bxc3 Rxg3
21. e5 fxe5 22. fxe5 Rhg8 23. Rf2 Qxe5 24. Qf1 f5 25. Re1 Qxc3 26. Rxf5 Rxg2 27.
Rf7+ Ke8 28. Rf8+ Rxf8 29. Qxg2 Qxe1+ {CavaillesEvan a abandonné} 0-1

[Event "Tournament 14473 - Europe Echecs"]
[Site "Europe Echecs"]
[Date "2020.07.11"]
[Round "3"]
[Time "14:57:21"]
[PlyCount "27"]
[White "BriandAmaury"]
[Black "SayaEthan"]
[WhiteElo "1929"]
[BlackElo "2199"]
[Mode "WEB"]
[Result "0-1"]

1. e4 d5 2. exd5 Qxd5 3. Nf3 Bg4 4. Be2 Nc6 5. d4 e5 6. Nc3 Bb4 7. Bd2 Bxc3 8.
Bxc3 e4 9. Ne5 Bxe2 10. Qxe2 O-O-O 11. Nxc6 Qxc6 12. O-O-O Nf6 13. b3 Qxc3 {BriandAmaury a abandonné} 0-1

[Event "Tournament 14473 - Europe Echecs"]
[Site "Europe Echecs"]
[Date "2020.07.11"]
[Round "3"]
[Time "14:57:21"]
[PlyCount "88"]
[White "DelinValere"]
[Black "DecurningeBric"]
[WhiteElo "2043"]
[BlackElo "1582"]
[Mode "WEB"]
[Result "1-0"]

1. e4 e6 2. d4 d5 3. Nd2 Nf6 4. e5 Nfd7 5. Bd3 c5 6. c3 Nc6 7. Ne2 cxd4 8. cxd4
f6 9. Nf4 Nxd4 10. Qh5+ Ke7 11. Ng6+ hxg6 12. exf6+ Nxf6 13. Qxh8 Kf7 14. Qh4 e5
15. O-O e4 16. Bb1 Bd6 17. Re1 Qc7 18. Nf1 Bd7 19. a3 Nf5 20. Qg5 Rh8 21. g3 Nd4
22. Nd2 Rh5 23. Qe3 Bc5 24. Qc3 Nb5 25. Qc2 Bxf2+ 26. Kf1 Qxc2 27. Bxc2 Bxe1 28.
Kxe1 Rxh2 29. Ba4 Nd4 30. Bd1 Bg4 31. Nf1 Rh1 32. Be3 Nf3+ 33. Kf2 Nh5 34. Kg2
Rh3 35. Rc1 d4 36. Bxd4 Ne1+ 37. Kg1 Bxd1 38. Rxd1 Nd3 39. Kg2 Ke6 40. Kxh3 Kd5
41. Bg1 Kc4 42. Nd2+ Kb5 43. Nxe4 Nxb2 44. Rb1 {DecurningeBric a abandonné} 1-0

[Event "Tournament 14473 - Europe Echecs"]
[Site "Europe Echecs"]
[Date "2020.07.11"]
[Round "3"]
[Time "14:57:21"]
[PlyCount "110"]
[White "ParalieuMaxime"]
[Black "TomasiElise"]
[WhiteElo "1569"]
[BlackElo "2030"]
[Mode "WEB"]
[Result "1-0"]

1. d4 d5 2. c4 e6 3. Nf3 Be7 4. g3 Nf6 5. Bg2 O-O 6. O-O b6 7. Nc3 Bb7 8. e3
Nbd7 9. Ne5 c5 10. b3 a6 11. Bb2 cxd4 12. exd4 Qc7 13. cxd5 Nxd5 14. Rc1 Qd8 15.
Nxd5 exd5 16. Nc6 Bxc6 17. Rxc6 Nf6 18. Qd3 Rc8 19. Rfc1 Rxc6 20. Rxc6 a5 21.
Qb5 Qd7 22. Rxb6 Qf5 23. Qf1 Bb4 24. a3 Bd2 25. Qd1 Bg5 26. h4 Bh6 27. b4 axb4
28. Rxb4 Ne4 29. Bxe4 Qxe4 30. a4 g6 31. a5 Rc8 32. a6 Ra8 33. Ba3 Bf8 34. Ra4
Bg7 35. a7 Qe8 36. Bc5 Qc6 37. Rb4 Qc7 38. Qb3 Rxa7 39. Rb8+ Bf8 40. Rxf8+ Kg7
41. Bxa7 Kxf8 42. Qb8+ Qxb8 43. Bxb8 Ke7 44. Kg2 Ke6 45. Kf3 Kf5 46. g4+ Ke6 47.
Kf4 h6 48. g5 hxg5+ 49. hxg5 f6 50. gxf6 Kxf6 51. Be5+ Ke6 52. Kg5 Kd7 53. Kxg6
Ke6 54. f4 Kd7 55. f5 {TomasiElise a abandonné} 1-0

[Event "Tournament 14473 - Europe Echecs"]
[Site "Europe Echecs"]
[Date "2020.07.11"]
[Round "3"]
[Time "14:57:21"]
[PlyCount "169"]
[White "FondratJohan"]
[Black "FischerThorang"]
[WhiteElo "1509"]
[BlackElo "1998"]
[Mode "WEB"]
[Result "0-1"]

1. e4 c5 2. c3 Nf6 3. e5 Nd5 4. Nf3 e6 5. Bc4 Nb6 6. Bb3 d5 7. d4 cxd4 8. cxd4
Nc6 9. O-O Be7 10. Nc3 a6 11. Re1 Qc7 12. Bf4 Bd7 13. a4 h6 14. Qd2 g5 15. Bg3
O-O-O 16. Rec1 Kb8 17. a5 Nc8 18. Bxd5 Bb4 19. Be4 N8e7 20. d5 exd5 21. e6 Bd6
22. Nxd5 Nxd5 23. Bxd6 Qxd6 24. exd7 Rxd7 25. Rd1 Rhd8 26. Qe1 Qe6 27. Rd2 f5
28. Bc2 Qxe1+ 29. Rxe1 Nde7 30. Rxd7 Rxd7 31. h3 Rd5 32. Ba4 Rxa5 33. Bxc6 Nxc6
34. Re6 g4 35. hxg4 fxg4 36. Nd2 h5 37. Kh2 Rb5 38. b3 Nd4 39. Re3 Nf5 40. Rd3
Rb6 41. Nc4 Rb5 42. Nd2 Ka7 43. Ne4 h4 44. Nf6 Rb4 45. Rd5 g3+ 46. fxg3 hxg3+
47. Kg1 Ne3 48. Rd3 Nf5 49. Rf3 Nd4 50. Rxg3 Ne2+ 51. Kf2 Nxg3 52. Kxg3 Rxb3+
53. Kf4 a5 54. g4 a4 55. g5 Rb1 56. g6 Rg1 57. Ng4 Rf1+ 58. Ke4 Rf8 59. Kd4 Rg8
60. Ne5 b5 61. Kc3 Kb6 62. Kb4 Rg7 63. Ka3 Kc5 64. Nd3+ Kd4 65. Nf4 Kc3 66. Ka2
b4 67. Nd5+ Kc4 68. Ne3+ Kd3 69. Nd5 b3+ 70. Kb2 Kc4 71. Nb6+ Kb4 72. Nd5+ Ka5
73. Ka3 Rxg6 74. Nc3 Rg4 75. Nd5 Rg1 76. Nc3 Ra1+ 77. Kb2 Rf1 78. Ka3 Re1 79.
Nd5 Kb5 80. Nc3+ Ka5 81. Nd5 Rc1 82. Ne3 Rc3 83. Nd5 Rc2 84. Ne3 Ra2# {FondratJohan est échec et mat} 0-1